[Event "IND-ch U19 Girls"]
[Site "Pune"]
[Date "2022.07.13"]
[Round "3"]
[White "Vakcheri, Mohitha"]
[Black "Shriya, R Revankar"]
[Result "1-0"]
[WhiteElo "1576"]
[BlackElo "1751"]
[PlyCount "73"]
[EventDate "2022.07.12"]
[EventType "swiss"]
[EventRounds "11"]
[EventCountry "IND"]
[SourceTitle "EXT 2023"]
[Source "ChessBase"]
[SourceDate "2022.10.05"]
[SourceVersion "1"]
[SourceVersionDate "2022.10.05"]
[SourceQuality "1"]

1. d4 Nf6 2. c4 e6 3. Nc3 Bb4 4. e3 0-0 5. Bd2 b6 6. Nf3 Bb7 7. Bd3 d5 8. cxd5 exd5 9. 0-0 a6 10. Ne2 Bd6 11. Ne5 c5 12. Bc3 c4 13. Bc2 b5 14. a3 Re8 15. Ng3 Nbd7 16. f4 a5 17. Nf5 Bf8 18. Rf3 g6 19. Rg3 b4 20. Be1 b3 21. Bb1 Nb6 22. a4 Qc7 23. Nh4 Bg7 24. f5 Nh5 25. fxg6 fxg6 26. Rh3 Bc8 27. Nhxg6 hxg6 28. Bxg6 Bxh3 29. Qxh5 Rxe5 30. Qh7+ Kf8 31. Bg3 Bxg2 32. Kxg2 Nd7 33. Rf1+ Ke7 34. Qxg7+ Kd6 35. Bxe5+ Nxe5 36. dxe5+ Kc6 37. Rf6+ 1-0

[Event "Bengaluru Karnataka op"]
[Site "Bengaluru"]
[Date "2018.04.17"]
[Round "8"]
[White "Sameer, Ghotane"]
[Black "Shriya, R Revankar"]
[Result "1/2-1/2"]
[WhiteElo "1881"]
[BlackElo "1472"]
[PlyCount "80"]
[EventDate "2018.04.14"]
[EventType "swiss"]
[EventRounds "10"]
[EventCountry "IND"]
[SourceTitle "CBM 184 Extra"]
[Source "ChessBase"]
[SourceDate "2018.06.28"]
[SourceVersion "1"]
[SourceVersionDate "2018.06.28"]
[SourceQuality "1"]

1. d4 Nf6 2. c4 e6 3. Nc3 Bb4 4. Qc2 0-0 5. a3 Bxc3+ 6. Qxc3 Ne4 7. Qc2 f5 8. Nh3 d6 9. f3 Nf6 10. Nf2 Nc6 11. e3 e5 12. dxe5 dxe5 13. Be2 e4 14. f4 a5 15. b3 Qe7 16. Bb2 Nd8 17. 0-0 Ne6 18. Kh1 Bd7 19. g4 fxg4 20. Nxg4 Nxg4 21. Bxg4 Nd4 22. Qg2 Bxg4 23. Qxg4 Nf5 24. Rg1 Rf7 25. Qh3 Rd8 26. Rg5 g6 27. Rxg6+ Kf8 28. Rag1 Qc5 29. Rg8+ Ke7 30. Rxd8 Kxd8 31. Rd1+ Kc8 32. Qg4 b6 33. Bd4 Qxa3 34. c5 Qxb3 35. cxb6 cxb6 36. Qg8+ Kb7 37. Qg1 b5 38. Rb1 Qd3 39. Be5 Qe2 40. Rd1 Kc8 1/2-1/2

[Event "IND-ch U19 Girls"]
[Site "Kankarbagh"]
[Date "2017.09.10"]
[Round "10"]
[White "Shriya, R Revankar"]
[Black "Tejaswini, Sagar"]
[Result "0-1"]
[WhiteElo "1236"]
[BlackElo "2093"]
[PlyCount "79"]
[EventDate "2017.09.03"]
[EventType "swiss"]
[EventRounds "11"]
[EventCountry "IND"]
[SourceTitle "CBM 180 Extra"]
[Source "ChessBase"]
[SourceDate "2017.10.06"]
[SourceVersion "1"]
[SourceVersionDate "2017.10.06"]
[SourceQuality "1"]

1. d4 Nf6 2. Bf4 d5 3. e3 c5 4. c3 Nc6 5. Nd2 e6 6. Ngf3 Nh5 7. Bg3 Nxg3 8. hxg3 Bd7 9. Bd3 h6 10. Qe2 c4 11. Bc2 Be7 12. e4 b5 13. g4 Qc7 14. Nf1 0-0-0 15. Ne3 dxe4 16. Bxe4 g6 17. a4 Na5 18. Bc2 Bd6 19. Nd2 a6 20. Ne4 Be7 21. axb5 Bxb5 22. Nd2 f5 23. Ba4 Bd6 24. Bxb5 axb5 25. b4 Nb7 26. gxf5 gxf5 27. Qh5 Kb8 28. Ke2 f4 29. Ng4 e5 30. dxe5 Bxb4 31. cxb4 c3 32. Rhc1 Rxd2+ 33. Kf1 c2 34. Nf6 Rhd8 35. e6 Qc4+ 36. Kg1 Qxe6 37. Qxh6 R8d6 38. Qxf4 Qxf6 39. Qxf6 Rxf6 40. Rxc2 0-1